| 000 | 00000nas 2200000zi 4500 |
| 001 | 9.939215 |
| 003 | CaOODSP |
| 005 | 20240628095103 |
| 006 | m o d f |
| 007 | cr ||||||||||| |
| 008 | 240611d19831987mbcar p o f0###a0eng|d |
| 040 | |aCaOODSP|beng|erda|cCaOODSP |
| 043 | |an-cn-on |
| 086 | 1 |aEn38-27E-PDF |
| 245 | 00|aCanada-Ontario memorandum of agreement for water quantity surveys : |bannual report ... for Northwestern Ontario. |
| 246 | 1 |aAnnual report ... for Northwestern Ontario |
| 264 | 1|aWinnipeg : |bInland Waters Directorate, Western and Northern Region = Direction générale des eaux intérieures Région de l'ouest et du nord, |c1983-[1987?] |
| 310 | |aAnnual |
| 336 | |atext|btxt|2rdacontent |
| 337 | |acomputer|bc|2rdamedia |
| 338 | |aonline resource|bcr|2rdacarrier |
| 362 | 1 |aBegan with: 1982/1983; ceased with: 1986/1987? |
| 500 | |aDigitized edition from print [produced by Environment and Climate Change Canada]. |
| 588 | |aDescription based on: 1986/1987. |
| 588 | |aLatest issue consulted: 1986/1987. |
| 650 | 0|aWater-supply|zOntario, Northern|vPeriodicals. |
| 650 | 6|aEau|xApprovisionnement|zOntario (Nord)|vPériodiques. |
| 655 | 7|aPeriodicals|2lcgft |
| 655 | 7|aPériodiques|2rvmgf |
| 710 | 1 |aCanada. |bInland Waters and Lands Directorate. |bWestern and Northern Region, |eissuing body. |